• 首页
  • 本馆介绍
  • 公告通知
  • 最新文献
  • 馆藏检索
  • 电子资源
  • 读者导购
  • 参考咨询
  • 我的图书馆
  • 登录
  • 详细信息显示
  • 放入我的书架
  • 预约/预借图书
  • 作者相关作品
  • 分类相关作品
  • 丛书相关作品
  • 出版社相关作品

书目信息

  • 表格格式
  • 工作单格式
  • 卡片格式
题名:
清史讲义
    
 
作者: 孟森 著
分册:  
出版信息: 北京   中国书籍出版社  2017
页数: 418页
开本: 23cm
丛书名: 中国近现代文化思想学术文丛
单 册:
中图分类: K249.07
科图分类:
主题词: 古代史--研究--中国--清代
电子资源:
ISBN: 978-7-5068-5395-8
000 00914oam2 2200253 450
001 012001003653
005 20140926114740.0
010    @a978-7-5068-5395-8@b精装@dCNY53.00
100    @a20170619d2017 em y0chiy50 ea
101 0  @achi
102    @aCN@b110000
105    @ay z 000yy
106    @ar
200 1  @a清史讲义@9qing shi jiang yi@f孟森著
210    @a北京@c中国书籍出版社@d2017
215    @a418页@d23cm
225 1  @a中国近现代文化思想学术文丛
330    @a本书主要分为《开国》、《巩固国基》、《全盛》、《嘉道守文》、《咸同之转危为安》五章,对清代从开国到国运由盛转衰的过程和重要史实进行了有力的论证,特别肯定了康熙帝削平三藩之乱、统一台湾、收抚外蒙古、亲征噶尔丹的重大功绩。
461  0 @12001 @a中国近现代文化思想学术文丛
606 0  @a古代史@x研究@y中国@z清代
690    @aK249.07@v5
701  0 @a孟森@9meng sen@4著
801  0 @aCN@b上海新华@c20180901
905    @b1159910-4@dK249.07@e119@f5
    
    清史讲义/孟森著.-北京:中国书籍出版社,2017
    418页;23cm.-(中国近现代文化思想学术文丛)
    
    
    ISBN 978-7-5068-5395-8(精装):CNY53.00
    本书主要分为《开国》、《巩固国基》、《全盛》、《嘉道守文》、《咸同之转危为安》五章,对清代从开国到国运由盛转衰的过程和重要史实进行了有力的论证,特别肯定了康熙帝削平三藩之乱、统一台湾、收抚外蒙古、亲征噶尔丹的重大功绩。
●
相关链接 在E读中查询图书 在五车中查询图书 在当当中查询图书 在豆瓣中查询图书


正题名:清史讲义     索取号:K249.07/119         预约/预借

序号 登录号 条形码 馆藏地/架位号 状态 备注
1 1159910   211599108   第二样本阅览室/ [索取号:K249.07/119] 在馆    
2 1159911   211599117   密集书库-史法系/ [索取号:K249.07/119] 在馆    
3 1159912   211599126   第二借阅区/ [索取号:K249.07/119] 在馆    
4 1159913   211599135   第二借阅区/ [索取号:K249.07/119] 在馆    
5 1159914   211599144   第二借阅区/ [索取号:K249.07/119] 在馆    
唐山师范学院图书馆 欢迎您!
大连网信软件有限公司© 版权所有